MARC

Tag First Indicator Second Indicator Subfields
LEADER 00000nam a2200000 i 4500
001 in00004736310
003 OCoLC
006 m o d
007 cr cnu---unuuu
008 230501s2023 nyu o 000 f eng
005 20250816192408.8
010 |a  2023020665 
019 |a 1390747773 
020 |a 9780593355374  |q electronic book 
020 |a 0593355377  |q electronic book 
020 |z 9780593355367  |q hardcover 
024 8 |a 99994383789 
035 |a (OCoLC)1378108680  |z (OCoLC)1390747773 
037 |a A872433C-2504-46A3-B7BF-DA2908A7F157  |b OverDrive, Inc.  |n http://www.overdrive.com 
040 |a DLC  |b eng  |e rda  |c DLC  |d OCLCF  |d TEFOD  |d YDX  |d TOH  |d YDX 
042 |a pcc 
043 |a n-mx--- 
050 4 |a PR9199.4.M656174  |b S55 2023 
082 0 4 |a 813/.6  |2 23/eng/20230501 
100 1 |a Moreno-Garcia, Silvia,  |e author. 
245 1 0 |a Silver nitrate /  |c Silvia Moreno-Garcia. 
264 1 |a New York :  |b Del Rey,  |c [2023] 
300 |a 1 online resource ( ix, 321 pages) : 
336 |a text  |b txt  |2 rdacontent 
337 |a computer  |b c  |2 rdamedia 
338 |a online resource  |b cr  |2 rdacarrier 
588 |a Description based on online resource; title from digital title page (viewed on August 24, 2023). 
650 0 |a Motion picture industry  |z Mexico  |v Fiction. 
650 0 |a Horror films  |v Fiction. 
650 0 |a Charms  |v Fiction. 
650 0 |a Occultists  |v Fiction. 
650 0 |a Nazis  |v Fiction. 
650 0 |a Blessing and cursing  |v Fiction. 
650 0 |a Best friends  |v Fiction. 
650 0 |a Women sound engineers  |v Fiction. 
650 0 |a Acoustical engineering  |v Fiction. 
650 7 |a Bisexuals  |v Fiction.  |2 sears 
650 7 |a Friendship  |v Fiction.  |2 sears 
650 7 |a Motion picture industry  |v Fiction.  |2 sears 
651 7 |a Mexico City (Mexico)  |v Fiction.  |2 sears 
655 7 |a Electronic books.  |2 local 
710 2 |a EBSCOhost 
776 1 8 |i Print version:  |a Moreno-Garcia, Silvia.  |t Silver nitrate  |b First edition.  |d New York : Del Rey, 2023  |z 9780593355367  |w (DLC) 2023020664 
856 4 0 |u http://proxy.library.tamu.edu/login?url=https://search.ebscohost.com/login.aspx?direct=true&scope=site&db=nlebk&db=nlabk&AN=3417709  |z Connect to the full text of this electronic book  |t 0 
945 |b 793555 
955 |a YBP purchased firm e-records 
980 |b usergen  |c 99994383789  |f jbrett  |g 565750  |k USD  |m 83.60  |q 1  |s AcqMono Conventional  |t Purchase at vendor system  |u Vendor order reference number  |v ZYBP  |y Selectors - electronic  |z Electronic resource 
999 f f |i 08406d49-f1f5-4f5e-9943-ec43e833ee32  |s 42e5f520-a651-497f-a762-389adc27610c  |t 0 
952 f f |a Texas A&M University  |b College Station  |c Electronic Resources  |d Available Online  |t 0  |e PR9199.4.M656174 S55 2023  |h Library of Congress classification 
998 f f |a PR9199.4.M656174 S55 2023  |t 0  |l Available Online